ბათუმის შოთა რუსთაველის სახელმწიფო უნივერსიტეტის ბიბლიოთეკა

მედიცინის განვითარება საქართველოში და ქართველი ექიმები / (ბიბ.ჩანაწერი № 61913)

000 -ლიდერი
ფიქსირებული სიგრძის საკონტროლო ველი 01293nam a22002297a 4500
003 - საკონტროლო ნომრის იდენტიფიკატორი
საკონტროლო ველი Ge_BSU
005 - ბოლო ოპერაციის თარიღი და დრო
საკონტროლო ველი 20240607120953.0
008 - ფიქსირებული სიგრძის მონაცემთა ელემენტები - ზოგადი ინფორმაცია
ფიქსირებული სიგრძის საკონტროლო ველი 240607s1971 ge ||||| |||| 00| 0 geo d
041 ## - ენის კოდი
Language code of text/sound track or separate title geo
080 ## - უნივერსალური ათობითი კლასიფიკაციის ინდექსი
Universal Decimal Classification number 61(479.22)(09) ჟ-90
100 ## - მთავარი ჩანაწერი - პიროვნების სახელი
Personal name ჟღენტი, ვლ.
9 (RLIN) 22357
245 ## - ცნობა სათაურის შესახებ
Title მედიცინის განვითარება საქართველოში და ქართველი ექიმები /
Statement of responsibility, etc ვლ. ჟღენტი, პ. გელბახიანი, ირ. ტატიშვილი.
264 ## - წარმოების, გამოცემის, დისტრიბუციის და სხვა ცნობები
გამოცემის, წარმოების, დისტრიბუციის... ადგილი თბილისი :
გამოცემის, წარმოების, დისტრიბუციის... სახელწოდება მეცნიერება,
გამოცემის, წარმოების, დისტრიბუციის... თარიღი 1971.
300 ## - ფიზიკური აღწერა
Extent 736 გვ. :
Other physical details ილ. ;
Dimensions 26 სმ.
500 ## - ზოგადი შენიშვნა
General note დამატებითი თავფურცელი რუსულ და ინგლისურ ენებზე.
520 ## - SUMMARY, ETC.
Summary, etc რეზიუმე რუსულ და ინგლისურ ენებზე.
653 ## - INDEX TERM--UNCONTROLLED
Uncontrolled term მედიცინის ისტორია საქართველოში
653 ## - INDEX TERM--UNCONTROLLED
Uncontrolled term ქართველი ექიმები.
700 ## - ADDED ENTRY--PERSONAL NAME
Personal name გელბახიანი, პ.
Relator term ავტორი
9 (RLIN) 22358
700 ## - ADDED ENTRY--PERSONAL NAME
Personal name ტატიშვილი, ირ.
Relator term ავტორი
9 (RLIN) 22359
942 ## - ADDED ENTRY ELEMENTS (KOHA)
Source of classification or shelving scheme
Koha item type წიგნი
ეგზემპლარები
ჩამოწერის სტატუსი დაკარგული ეგზემპლარის სტატუსი კლასიფიკაციის წყარო ან თაროზე გაწყობის სქემა დაზიანების სტატუსი არ გაიცემა მუდმივი მდებარეობა (დაცვის ადგილი) ამჟამინდელი ადგილსამყოფელი თაროზე განთავსების ადგილი შეძენის თარიღი ღირებულება, შესყიდვის ნორმალური ფასი სრული შენახვის შიფრი შტრიხკოდი ბოლო ოპერაციის თარიღი ეგზემპლარის მიმდევრობითი ნომერი (კეტერი?) ფასის ძალაში შესვლის თარიღი ეგზემპლარის სახეობა საჯარო შენიშვნა
          ბათუმის შოთა რუსთაველის სახელმწიფო უნივერსიტეტის მთავარი ბიბლიოთეკა ბათუმის შოთა რუსთაველის სახელმწიფო უნივერსიტეტის მთავარი ბიბლიოთეკა წიგნსაცავი 2024-06-07 7.80 61(479.22)(09) ჟ-90 68064 2024-06-07 68064 2024-06-07 წიგნი 7 ლ.80 თ.